<?xml version="1.0" encoding="UTF-8"?>
<record
    xmlns:xsi="http://www.w3.org/2001/XMLSchema-instance"
    xsi:schemaLocation="http://www.loc.gov/MARC21/slim http://www.loc.gov/standards/marcxml/schema/MARC21slim.xsd"
    xmlns="http://www.loc.gov/MARC21/slim">

  <leader>01011nam a2200265Ia 4500</leader>
  <controlfield tag="003">IN-BaIIA</controlfield>
  <controlfield tag="008">211028s9999    xx            000 0 eng d</controlfield>
  <datafield tag="020" ind1=" " ind2=" ">
    <subfield code="a">90-277-0246-2</subfield>
  </datafield>
  <datafield tag="040" ind1=" " ind2=" ">
    <subfield code="c">IIA Library</subfield>
  </datafield>
  <datafield tag="080" ind1=" " ind2=" ">
    <subfield code="a">082.2:52</subfield>
    <subfield code="b">IAU-S49</subfield>
  </datafield>
  <datafield tag="110" ind1=" " ind2=" ">
    <subfield code="a">Intenational Astronomical Union</subfield>
    <subfield code="9">7665</subfield>
  </datafield>
  <datafield tag="111" ind1=" " ind2=" ">
    <subfield code="a">Intenational Astronomical Union symposium</subfield>
    <subfield code="n">49th</subfield>
    <subfield code="c">Argentina</subfield>
    <subfield code="d">1971 Aug. 9-14</subfield>
    <subfield code="9">7666</subfield>
  </datafield>
  <datafield tag="245" ind1=" " ind2="0">
    <subfield code="a">Wolf-rayet and high-temperature stars</subfield>
    <subfield code="b">proceedings of the IAU Symposium no.49 held in Buenos Aires, Argentina, August 9-14, 1971</subfield>
    <subfield code="c">edited by M. K. V. Bappu and J. Sahade</subfield>
  </datafield>
  <datafield tag="260" ind1=" " ind2=" ">
    <subfield code="a">Dordrecht</subfield>
    <subfield code="b">D. Reidel Publishing</subfield>
    <subfield code="c">1973</subfield>
  </datafield>
  <datafield tag="300" ind1=" " ind2=" ">
    <subfield code="a">xiv, 263p.</subfield>
  </datafield>
  <datafield tag="490" ind1=" " ind2=" ">
    <subfield code="a">IAU Symposium; no. 49</subfield>
  </datafield>
  <datafield tag="650" ind1=" " ind2=" ">
    <subfield code="a">Astronomy and Astrophysics Thesaurus</subfield>
  </datafield>
  <datafield tag="650" ind1=" " ind2=" ">
    <subfield code="a">Circumstellar envelopes</subfield>
    <subfield code="9">3685</subfield>
  </datafield>
  <datafield tag="650" ind1=" " ind2=" ">
    <subfield code="a">High temperature stars</subfield>
    <subfield code="9">7667</subfield>
  </datafield>
  <datafield tag="650" ind1=" " ind2=" ">
    <subfield code="a">Wolf rayet stars</subfield>
    <subfield code="9">7146</subfield>
  </datafield>
  <datafield tag="700" ind1=" " ind2=" ">
    <subfield code="a">Bappu, M. K. V., ed.</subfield>
    <subfield code="9">7668</subfield>
  </datafield>
  <datafield tag="700" ind1=" " ind2=" ">
    <subfield code="a">Sahade, J., ed.</subfield>
    <subfield code="9">7669</subfield>
  </datafield>
  <datafield tag="710" ind1=" " ind2=" ">
    <subfield code="a">Intenational Astronomical Union</subfield>
    <subfield code="9">7665</subfield>
  </datafield>
  <datafield tag="942" ind1=" " ind2=" ">
    <subfield code="c">BK</subfield>
  </datafield>
  <datafield tag="999" ind1=" " ind2=" ">
    <subfield code="c">4374</subfield>
    <subfield code="d">4374</subfield>
  </datafield>
  <datafield tag="952" ind1=" " ind2=" ">
    <subfield code="0">0</subfield>
    <subfield code="1">0</subfield>
    <subfield code="4">0</subfield>
    <subfield code="7">0</subfield>
    <subfield code="a">BAN</subfield>
    <subfield code="b">BAN</subfield>
    <subfield code="c">GEN</subfield>
    <subfield code="d">1974-03-19</subfield>
    <subfield code="g">246.00</subfield>
    <subfield code="l">0</subfield>
    <subfield code="o">082.2:52/ IAU-S49</subfield>
    <subfield code="p">4881</subfield>
    <subfield code="r">2021-11-05</subfield>
    <subfield code="v">246.00</subfield>
    <subfield code="w">1974-03-19</subfield>
    <subfield code="y">BK</subfield>
    <subfield code="G">Rs. 246.00</subfield>
  </datafield>
</record>
